Prospectiva de las agrobiotecnologías /

Guardado en:
書目詳細資料
主要作者: Quintero, Rodolfo
格式: Texto
標簽: 添加標簽
沒有標簽, 成為第一個標記此記錄!

MARC

LEADER 00000 a a2200000 04500
001 47832
003
040
100 |a Quintero, Rodolfo  
245 |a Prospectiva de las agrobiotecnologías /  |c Rodolfo Quintero  
773 |g número34, (1993) : tablas  
999 |c 34897  |d 34897